header

Perspectives of gender and language in Cameroonian contexts / (Record no. 82970)

MARC details
000 -LEADER
fixed length control field 01574nam a2200361 i 4500
001 - CONTROL NUMBER
control field ebr10827666
003 - CONTROL NUMBER IDENTIFIER
control field CaPaEBR
006 - FIXED-LENGTH DATA ELEMENTS--ADDITIONAL MATERIAL CHARACTERISTICS--GENERAL INFORMATION
fixed length control field m o d
007 - PHYSICAL DESCRIPTION FIXED FIELD--GENERAL INFORMATION
fixed length control field cr cn|||||||||
008 - FIXED-LENGTH DATA ELEMENTS--GENERAL INFORMATION
fixed length control field 140125t20132013cm o 000 0 eng d
020 ## - INTERNATIONAL STANDARD BOOK NUMBER
Cancelled/invalid ISBN 9789956791750
International Standard Book Number 9789956791309 (e-book)
040 ## - CATALOGING SOURCE
Original cataloging agency CaPaEBR
Language of cataloging eng
Description conventions rda
-- pn
Transcribing agency CaPaEBR
035 ## - SYSTEM CONTROL NUMBER
System control number (OCoLC)874148955
050 14 - LIBRARY OF CONGRESS CALL NUMBER
Classification number P120.S48
Item number .P477 2013eb
082 04 - DEWEY DECIMAL CLASSIFICATION NUMBER
Classification number 306.44
Edition number 23
245 00 - TITLE STATEMENT
Title Perspectives of gender and language in Cameroonian contexts /
Statement of responsibility, etc edited by Lilian Lem Atanga.
264 #1 - PRODUCTION, PUBLICATION, DISTRIBUTION, MANUFACTURE, AND COPYRIGHT NOTICE
Place of production, publication, distribution, manufacture Bamenda, Cameroon :
Name of producer, publisher, distributor, manufacturer Langaa Research & Publishing CIG,
Date of production, publication, distribution, manufacture, or copyright notice 2013.
Date of production, publication, distribution, manufacture, or copyright notice �2013
300 ## - PHYSICAL DESCRIPTION
Extent 1 online resource (227 pages)
336 ## - CONTENT TYPE
Content type term text
Source rdacontent
337 ## - MEDIA TYPE
Media type term computer
Source rdamedia
338 ## - CARRIER TYPE
Carrier type term online resource
Source rdacarrier
588 ## - SOURCE OF DESCRIPTION NOTE
Source of description note Description based on online resource; title from PDF title page (ebrary, viewed January 25, 2014).
590 ## - LOCAL NOTE (RLIN)
Local note Electronic reproduction. Palo Alto, Calif. : ebrary, 2014. Available via World Wide Web. Access may be limited to ebrary affiliated libraries.
650 #0 - SUBJECT ADDED ENTRY--TOPICAL TERM
Topical term or geographic name as entry element Language and languages
General subdivision Sex differences.
Topical term or geographic name as entry element Gender identity.
655 #0 - INDEX TERM--GENRE/FORM
Genre/form data or focus term Electronic books.
700 1# - ADDED ENTRY--PERSONAL NAME
Personal name Atanga, Lilian Lem.
776 08 - ADDITIONAL PHYSICAL FORM ENTRY
Display text Print version:
Title Perspectives of gender and language in Cameroonian contexts.
Place, publisher, and date of publication Bamenda, Cameroon : Langaa Research & Publishing CIG, 2013
Physical description vi, 217 pages
International Standard Book Number 9789956791750
797 2# - LOCAL ADDED ENTRY--CORPORATE NAME (RLIN)
Corporate name or jurisdiction name as entry element ebrary.
856 40 - ELECTRONIC LOCATION AND ACCESS
Uniform Resource Identifier <a href="http://site.ebrary.com/lib/rucke/Doc?id=10827666">http://site.ebrary.com/lib/rucke/Doc?id=10827666</a>
Public note An electronic book accessible through the World Wide Web; click to view

No items available.

© 2026 Rongo University
Contact us: librarian | system librarian | Rongo university